[Event "Mislata op 09th"]
[Site "Mislata"]
[Date "2000.08.25"]
[Round "9"]
[White "Eslon, Jaan"]
[Black "Castillo Martinez, Alberto"]
[Result "1-0"]
[WhiteElo "2356"]
[BlackElo "2119"]
[PlyCount "61"]
[EventDate "2000.08.17"]
[EventType "swiss"]
[EventRounds "9"]
[EventCountry "ESP"]
[SourceTitle "EXT 2001"]
[Source "ChessBase"]
[SourceDate "2000.11.22"]
[SourceVersion "1"]
[SourceVersionDate "2000.11.22"]
[SourceQuality "1"]

1. Nf3 d5 2. d4 Nf6 3. c4 dxc4 4. Nc3 Bf5 5. e3 e6 6. Bxc4 Nbd7 7. 0-0 c6 8. Re1 Ne4 9. Nd2 Ndf6 10. Ndxe4 Nxe4 11. f3 Nd6 12. Bb3 Be7 13. e4 Bg6 14. Be3 0-0 15. Qe2 Bg5 16. Bf2 Re8 17. Rad1 Qa5 18. g4 Bf4 19. Qf1 Nc8 20. Qg2 Ne7 21. Ne2 Bc7 22. f4 h6 23. Qf3 Nc8 24. f5 Bh7 25. Ng3 Nd6 26. e5 Nc8 27. f6 gxf6 28. Qxf6 Bg6 29. Nh5 Kf8 30. Qg7+ Ke7 31. Bh4+ 1-0

[Event "Mislata op 09th"]
[Site "Mislata"]
[Date "2000.08.21"]
[Round "5"]
[White "Eslon, Jaan"]
[Black "Marin Corresa, Arturo"]
[Result "1-0"]
[WhiteElo "2356"]
[BlackElo "2129"]
[PlyCount "135"]
[EventDate "2000.08.17"]
[EventType "swiss"]
[EventRounds "9"]
[EventCountry "ESP"]
[SourceTitle "EXT 2001"]
[Source "ChessBase"]
[SourceDate "2000.11.22"]
[SourceVersion "1"]
[SourceVersionDate "2000.11.22"]
[SourceQuality "1"]

1. d4 Nf6 2. c4 e6 3. Nf3 d5 4. Nc3 c6 5. e3 Nbd7 6. Qc2 Bd6 7. Bd2 0-0 8. 0-0-0 Qe7 9. Kb1 Re8 10. h3 e5 11. cxd5 Nxd5 12. Nxd5 cxd5 13. dxe5 Nxe5 14. Bc3 Nxf3 15. gxf3 Be5 16. Bd3 Bxc3 17. Qxc3 Qe5 18. Qxe5 Rxe5 19. Bc2 Bf5 20. f4 Bxc2+ 21. Kxc2 Rh5 22. Kd3 g6 23. Rc1 b6 24. Kd4 Re8 25. f3 Re7 26. h4 Kg7 27. b4 Rd7 28. a4 h6 29. b5 Kf6 30. Rc8 Ke7 31. Rhc1 Rxh4 32. R1c7 Rh1 33. Rxd7+ Kxd7 34. Ra8 Kd6 35. Rxa7 Rd1+ 36. Kc3 Rc1+ 37. Kd3 Rd1+ 38. Ke2 Ra1 39. Rxf7 Rxa4 40. Rf6+ Kc5 41. Rxg6 Ra2+ 42. Kf1 Kxb5 43. f5 Kc5 44. f6 Ra7 45. Rxh6 b5 46. Rh5 b4 47. Rf5 Rf7 48. Ke2 Kd6 49. Rf4 b3 50. Kd2 Ke5 51. Kc3 d4+ 52. Rxd4 Rb7 53. Kb2 Kxf6 54. Rd3 Kg5 55. Rxb3 Rf7 56. f4+ Kg4 57. Kc3 Rd7 58. Rb5 Kf3 59. Re5 Rd8 60. Kc4 Rd1 61. f5 Kg4 62. e4 Kg5 63. Re6 Rd8 64. Kc5 Rd7 65. Rd6 Re7 66. Kd5 Kf4 67. Re6 Rd7+ 68. Kc6 1-0

[Event "Orense op 9th"]
[Site "Orense"]
[Date "2000.07.10"]
[Round "3"]
[White "Perez de Aranda, Leonardo Ivan"]
[Black "Eslon, Jaan"]
[Result "0-1"]
[WhiteElo "2064"]
[BlackElo "2356"]
[PlyCount "98"]
[EventDate "2000.07.08"]
[EventType "swiss"]
[EventRounds "9"]
[EventCountry "ESP"]
[SourceTitle "EXT 2001"]
[Source "ChessBase"]
[SourceDate "2000.11.22"]
[SourceVersion "1"]
[SourceVersionDate "2000.11.22"]
[SourceQuality "1"]

1. e4 e5 2. Nf3 Nc6 3. Bb5 Nf6 4. 0-0 Nxe4 5. d4 Nd6 6. Bxc6 dxc6 7. dxe5 Ne4 8. Qe2 Bf5 9. Rd1 Qc8 10. Nbd2 Nxd2 11. Qxd2 Be7 12. b3 0-0 13. Bb2 c5 14. c4 a5 15. Ne1 a4 16. Qe3 axb3 17. axb3 Rxa1 18. Bxa1 Rd8 19. Qf3 Rxd1 20. Qxd1 Qa8 21. Bc3 Qa2 22. g4 Qb1 23. Qxb1 Bxb1 24. Nf3 Bc2 25. Nd2 Bg5 26. b4 cxb4 27. Bxb4 c5 28. Bc3 Bd3 29. Kg2 Kf8 30. Kf3 Bxd2 31. Bxd2 Bxc4 32. Ke4 Ke8 33. f4 Kd7 34. f5 Kc6 35. h4 b5 36. g5 g6 37. e6 gxf5+ 38. Kxf5 Bxe6+ 39. Kf6 b4 40. h5 Bg4 41. Kxf7 Bxh5+ 42. Ke6 Kb5 43. Kd5 Bf3+ 44. Ke5 Bh5 45. Ke4 Kc4 46. Bf4 Bg6+ 47. Ke3 Kd5 48. Kd2 c4 49. Kc1 c3 0-1

[Event "Dos Hermanas op"]
[Site "Dos Hermanas"]
[Date "2000.04.09"]
[Round "3"]
[White "Okhotnik, Vladimir"]
[Black "Eslon, Jaan"]
[Result "1/2-1/2"]
[WhiteElo "2499"]
[BlackElo "2350"]
[PlyCount "114"]
[EventDate "2000.04.??"]
[EventType "swiss"]
[EventRounds "9"]
[EventCountry "ESP"]
[SourceTitle "CBM 075 Extra"]
[Source "ChessBase"]
[SourceDate "2000.05.11"]
[SourceVersion "2"]
[SourceVersionDate "2000.05.11"]
[SourceQuality "1"]

1. f4 g6 2. g3 Bg7 3. Bg2 c5 4. e4 Nc6 5. d3 d6 6. Nf3 Bd7 7. c3 Nf6 8. 0-0 0-0 9. h3 c4 10. g4 cxd3 11. Qxd3 e5 12. f5 gxf5 13. gxf5 d5 14. Ng5 d4 15. Qg3 h6 16. h4 Nh5 17. Qg4 Nf4 18. Nh3 h5 19. Qf3 Qxh4 20. Bxf4 exf4 21. Nxf4 dxc3 22. bxc3 Ne5 23. Qxh5 Qxh5 24. Nxh5 Bb5 25. f6 Bxf1 26. fxg7 Rfd8 27. Bxf1 Rd1 28. Kf2 Rad8 29. Be2 Rc1 30. Ke3 Rd6 31. Kf4 Ng6+ 32. Kf5 Rb6 33. Bd3 Rd1 34. Be2 Ne7+ 35. Kg5 Rg1+ 36. Kf4 Ng6+ 37. Kf5 Nh4+ 38. Kf4 Ng6+ 39. Kf5 Rbxb1 40. Rxb1 Rxb1 41. Bc4 b5 42. Bd3 Rb2 43. e5 Rf2+ 44. Ke4 Rxa2 45. e6 fxe6 46. Kd4 Rd2 47. Ke3 Rxd3+ 48. Kxd3 a5 49. Nf6+ Kxg7 50. Ne8+ Kf7 51. Nd6+ Ke7 52. Nxb5 Kd7 53. Kc4 Ne5+ 54. Kc5 Nd3+ 55. Kb6 a4 56. c4 e5 57. c5 Nxc5 1/2-1/2

[Event "San Sebastian op 23rd"]
[Site "San Sebastian"]
[Date "2000.??.??"]
[Round "4"]
[White "Eslon, Jaan"]
[Black "Bruned, Boris"]
[Result "1/2-1/2"]
[WhiteElo "2350"]
[BlackElo "2004"]
[PlyCount "126"]
[EventDate "2000.??.??"]
[EventType "swiss"]
[EventRounds "9"]
[EventCountry "ESP"]
[SourceTitle "EXT 2001"]
[Source "ChessBase"]
[SourceDate "2000.11.22"]
[SourceVersion "1"]
[SourceVersionDate "2000.11.22"]
[SourceQuality "1"]

1. d4 e6 2. Nf3 b6 3. e4 Bb7 4. Bd3 c5 5. 0-0 cxd4 6. Nxd4 Bc5 7. Be3 Ne7 8. Nc3 0-0 9. Qh5 Bxd4 10. Bxd4 Nbc6 11. Be3 Ng6 12. f4 Qh4 13. Qxh4 Nxh4 14. g3 Ng6 15. a3 Rfd8 16. Rad1 Rac8 17. Nb5 d5 18. exd5 exd5 19. c3 Nf8 20. Rfe1 Ne6 21. Bf1 Nc5 22. Bh3 Ne6 23. Bf2 a6 24. Rxe6 fxe6 25. Bxe6+ Kf8 26. Bxc8 Bxc8 27. Nc7 b5 28. Bc5+ Kf7 29. Rxd5 Rxd5 30. Nxd5 Na5 31. Kf2 Nc4 32. Nb6 Nxb6 33. Bxb6 Ke6 34. g4 g6 35. Kf3 Kd5 36. b3 Be6 37. Bd4 Kc6 38. b4 Kd5 39. f5 gxf5 40. g5 Bf7 41. Kf4 Ke6 42. h4 Bg6 43. c4 bxc4 44. a4 Kd5 45. Bc3 Kd6 46. Bd2 Kd5 47. Bc3 Kd6 48. Bf6 Kd5 49. Be5 Kc6 50. Ke3 Kd5 51. Bc3 Be8 52. a5 Bg6 53. Kf4 Kd6 54. Bd4 Kd5 55. Be5 Kc6 56. Ke3 Kd5 57. Bb2 Be8 58. Kf4 Bg6 59. Bc3 Kd6 60. Be1 Kd5 61. Ke3 Be8 62. Bc3 Bg6 63. Kf4 Kd6 1/2-1/2

[Event "Lisbon op 5th"]
[Site "Lisbon"]
[Date "1999.11.15"]
[Round "3"]
[White "Eslon, Jaan"]
[Black "Dias, Paulo Jorge Guimara"]
[Result "0-1"]
[WhiteElo "2349"]
[BlackElo "2207"]
[PlyCount "40"]
[EventDate "1999.11.06"]
[EventType "swiss"]
[EventRounds "9"]
[EventCountry "POR"]
[SourceTitle "CBM 073 Extra"]
[Source "ChessBase"]
[SourceDate "2000.01.11"]
[SourceVersion "1"]
[SourceVersionDate "2000.01.11"]
[SourceQuality "1"]

1. d4 f5 2. g3 Nf6 3. Bg2 g6 4. c3 Bg7 5. Nh3 Nc6 6. Nf4 e5 7. dxe5 Nxe5 8. 0-0 0-0 9. Bxb7 Bxb7 10. Qb3+ Nf7 11. Qxb7 Re8 12. Be3 Rb8 13. Qxa7 Rxb2 14. Qa3 Qb8 15. Nd2 Bf8 16. Qa4 Rxe3 17. Nc4 Re4 18. f3 Rxf4 19. gxf4 Rxe2 20. Kh1 Ng4 0-1

[Event "Mislata op 8th"]
[Site "Valencia"]
[Date "1999.??.??"]
[Round "7"]
[White "Bellon Lopez, Juan Manuel"]
[Black "Eslon, Jaan"]
[Result "1/2-1/2"]
[WhiteElo "2463"]
[BlackElo "2349"]
[PlyCount "46"]
[EventDate "1999.01.??"]
[EventType "swiss"]
[EventRounds "9"]
[EventCountry "ESP"]
[SourceTitle "EXT 2000"]
[Source "ChessBase"]
[SourceDate "1999.11.16"]
[SourceVersion "1"]
[SourceVersionDate "1999.11.16"]
[SourceQuality "1"]

1. d4 d5 2. Nf3 e6 3. Bg5 Be7 4. Bxe7 Qxe7 5. Nbd2 Nf6 6. e3 0-0 7. Ne5 Nbd7 8. Nxd7 Nxd7 9. f4 f6 10. Qh5 f5 11. Bd3 c5 12. c3 Nf6 13. Qh4 c4 14. Bc2 b5 15. a3 a5 16. Nf3 Bd7 17. 0-0 b4 18. Qe1 Rfb8 19. axb4 axb4 20. Ne5 Be8 21. Qd2 b3 22. Rxa8 Rxa8 23. Bd1 Bh5 1/2-1/2

[Event "Mislata op 7th"]
[Site "Valencia"]
[Date "1998.08.15"]
[Round "3.15"]
[White "Eslon, Jaan"]
[Black "Uris Escolano, Miguel"]
[Result "1-0"]
[WhiteElo "2375"]
[BlackElo "2205"]
[PlyCount "71"]
[EventDate "1998.08.13"]
[EventType "swiss"]
[EventRounds "9"]
[EventCountry "ESP"]
[SourceTitle "EXT 2000"]
[Source "ChessBase"]
[SourceDate "1999.11.16"]
[SourceVersion "1"]
[SourceVersionDate "1999.11.16"]
[SourceQuality "1"]

1. d4 Nf6 2. Nf3 g6 3. c3 b6 4. Bg5 Bg7 5. Nbd2 Bb7 6. Bxf6 exf6 7. e4 0-0 8. Bd3 d5 9. 0-0 c6 10. exd5 cxd5 11. Re1 Nc6 12. Nb3 Bh6 13. g3 a5 14. a4 Na7 15. Nbd2 Nc8 16. Qb3 Nd6 17. Re2 Rc8 18. Rae1 Nc4 19. Qc2 Nxd2 20. Nxd2 Bc6 21. Nb1 Qd7 22. b3 Rfe8 23. Na3 Rxe2 24. Rxe2 Qg4 25. Bb5 Bxb5 26. Nxb5 f5 27. Kg2 Qg5 28. Qd3 Bf8 29. Re5 Qf6 30. Qf3 Bd6 31. Nxd6 Qxd6 32. Rxd5 Qa3 33. c4 Qa1 34. Qe3 f4 35. Qxf4 Re8 36. Rd7 1-0

[Event "Ardid Memorial op 10th"]
[Site "Zaragoza"]
[Date "1998.??.??"]
[Round "8"]
[White "Eslon, Jaan"]
[Black "Garcia Ilundain, David"]
[Result "1/2-1/2"]
[WhiteElo "2345"]
[BlackElo "2495"]
[PlyCount "24"]
[EventDate "1998.??.??"]
[EventType "swiss"]
[EventRounds "9"]
[EventCountry "ESP"]
[SourceTitle "EXT 2000"]
[Source "ChessBase"]
[SourceDate "1999.11.16"]
[SourceVersion "1"]
[SourceVersionDate "1999.11.16"]
[SourceQuality "1"]

1. d4 Nf6 2. c4 e6 3. Nf3 Bb4+ 4. Bd2 a5 5. g3 d6 6. Bg2 Nbd7 7. 0-0 e5 8. Bxb4 axb4 9. e3 0-0 10. Nbd2 h6 11. Qb3 c5 12. a3 bxa3 1/2-1/2

[Event "Ardid Memorial op 10th"]
[Site "Zaragoza"]
[Date "1998.??.??"]
[Round "6"]
[White "Eslon, Jaan"]
[Black "Lopez Gracia, Fernando"]
[Result "1-0"]
[WhiteElo "2345"]
[BlackElo "2185"]
[PlyCount "27"]
[EventDate "1998.??.??"]
[EventType "swiss"]
[EventRounds "9"]
[EventCountry "ESP"]
[SourceTitle "EXT 2000"]
[Source "ChessBase"]
[SourceDate "1999.11.16"]
[SourceVersion "1"]
[SourceVersionDate "1999.11.16"]
[SourceQuality "1"]

1. Nf3 Nf6 2. c4 g6 3. g3 Bg7 4. Bg2 0-0 5. 0-0 d6 6. d4 Nbd7 7. Nc3 e5 8. Qc2 Re8 9. Rd1 c6 10. e4 a5 11. h3 Qb6 12. Be3 exd4 13. Nxd4 Qa6 14. Ndb5 1-0

[Event "Linares Anibal op 04th"]
[Site "Linares"]
[Date "1997.??.??"]
[Round "5"]
[White "Barsov, Alexei"]
[Black "Eslon, Jaan"]
[Result "1-0"]
[WhiteElo "2465"]
[BlackElo "2370"]
[PlyCount "71"]
[EventDate "1997.02.??"]
[EventType "swiss"]
[EventRounds "10"]
[EventCountry "ESP"]
[SourceTitle "CBM 058"]
[Source "ChessBase"]
[SourceDate "1997.06.01"]
[SourceVersion "1"]
[SourceVersionDate "1997.06.01"]
[SourceQuality "1"]

1. d4 Nf6 2. c4 e6 3. Nc3 Bb4 4. Nf3 Bxc3+ 5. bxc3 b6 6. Bg5 h6 7. Bh4 Qe7 8. e3 Bb7 9. Bd3 d6 10. 0-0 Nbd7 11. Nd2 g5 12. Bg3 h5 13. f3 h4 14. Bf2 0-0-0 15. e4 Nh5 16. Re1 Nf4 17. Bf1 Rdg8 18. h3 Qf8 19. Qa4 f5 20. c5 dxc5 21. exf5 exf5 22. Bb5 Qd8 23. Rad1 g4 24. dxc5 Nd5 25. c6 Kb8 26. Qd4 g3 27. Be3 Nc5 28. cxb7 f4 29. Bxf4 a6 30. Bc4 Nxf4 31. Qxf4 Re8 32. Ne4 Qe7 33. Qf6 Qh7 34. Nxc5 bxc5 35. Qxa6 c6 36. Rxe8+ 1-0

[Event "Candas op"]
[Site "Candas"]
[Date "1997.??.??"]
[Round "?"]
[White "Cabello Fernandez, Enrique"]
[Black "Eslon, Jaan"]
[Result "1/2-1/2"]
[WhiteElo "2115"]
[BlackElo "2370"]
[PlyCount "123"]
[EventDate "1997.??.??"]
[EventType "swiss"]
[EventRounds "9"]
[EventCountry "ESP"]
[SourceTitle "EXT 2001"]
[Source "ChessBase"]
[SourceDate "2000.11.22"]
[SourceVersion "1"]
[SourceVersionDate "2000.11.22"]
[SourceQuality "1"]

1. e4 e5 2. Nf3 Nc6 3. Bb5 Nf6 4. 0-0 Be7 5. Re1 d6 6. d4 Bd7 7. d5 Nb8 8. Bxd7+ Nbxd7 9. c4 0-0 10. Nc3 Ne8 11. Qc2 g6 12. Bh6 Ng7 13. b4 f5 14. c5 dxc5 15. bxc5 Bxc5 16. Ng5 Re8 17. d6 Ne6 18. Qb3 Ndf8 19. exf5 gxf5 20. Rxe5 Qf6 21. Rxc5 cxd6 22. Bxf8 dxc5 23. Nxe6 Qxe6 24. Qxe6+ Rxe6 25. Bxc5 Rc6 26. Bd4 Rd8 27. Be5 Rd2 28. Kf1 Rc2 29. Ne2 Ra6 30. a4 Rc4 31. a5 Rc5 32. Bc3 Re6 33. Ra3 Rb5 34. f3 Rd6 35. Kf2 Rd3 36. Nf4 Rd1 37. Ke2 Rdb1 38. Kd3 Kf7 39. Ra4 Rd1+ 40. Kc4 a6 41. Rb4 Rxb4+ 42. Kxb4 Rd6 43. Kc4 Rc6+ 44. Kd3 b6 45. axb6 Rxb6 46. Kd4 Rb5 47. Nd5 Kg6 48. Kc4 Rb1 49. Nc7 Rg1 50. g3 Rg2 51. Nxa6 Rxh2 52. Kd3 h5 53. Be5 h4 54. gxh4 Rxh4 55. Nc7 Ra4 56. Nd5 Kg5 57. Ke3 Ra3+ 58. Nc3 Ra8 59. Kf2 Ra5 60. Bc7 Rc5 61. Bd8+ Kg6 62. Ne2 1/2-1/2

[Event "Alicante op"]
[Site "Alicante"]
[Date "1997.??.??"]
[Round "8"]
[White "Eslon, Jaan"]
[Black "Del Rey, Diego"]
[Result "1/2-1/2"]
[WhiteElo "2370"]
[BlackElo "2325"]
[PlyCount "34"]
[EventDate "1997.??.??"]
[EventType "swiss"]
[EventRounds "9"]
[EventCountry "ESP"]
[SourceTitle "EXT 2000"]
[Source "ChessBase"]
[SourceDate "1999.11.16"]
[SourceVersion "1"]
[SourceVersionDate "1999.11.16"]
[SourceQuality "1"]

1. d4 Nf6 2. c4 g6 3. Nc3 Bg7 4. e4 d6 5. f3 0-0 6. Bg5 a6 7. Qd2 c5 8. d5 b5 9. cxb5 Nbd7 10. Nge2 Nb6 11. Ng3 axb5 12. Bxb5 Ba6 13. Bxa6 Rxa6 14. 0-0 Qa8 15. b3 Rb8 16. Rab1 Ra3 17. Nge2 Qa6 1/2-1/2